Statistics for All train stations in Cambridgeshire

Click here to take the quiz!

General Stats

  • This quiz has been taken 25 times
  • The average score is 12 of 20

Answer Stats

GroupAnswer% Correct
Fen lineEly
100%
West Anglia main lineCambridge
94%
Fen lineCambridge North
89%
East Coast main linePeterborough
89%
East Coast main lineHuntingdon
78%
Ely-Peterborough lineMarch
72%
Cambridge lineShepreth
67%
Cambridge lineMeldreth
61%
Fen lineWaterbeach
61%
West Anglia main lineShelford
56%
East Coast main lineSt Neots
56%
West Anglia main lineWhittlesford Parkway
56%
Cambridge lineAshwell & Morden
50%
Cambridge lineFoxton
50%
Fen lineLittleport
50%
Ipswich-Ely lineSoham
50%
Ely-Peterborough lineWhittlesea
50%
Ely-Peterborough lineManea
44%
Breckland lineShippea Hill
39%
Ipswich-Ely lineDullingham
28%

Score Distribution

Percentile by Number Answered

Percent of People with Each Score

Your Score History

You have not taken this quiz